Least touristy countries - Statistics

General Stats
  • This quiz has been taken 73 times
  • The average score is 15 of 25
Answer Stats
Tourists Country % Correct
1200 Tuvalu
86%
200 Nauru
84%
35,000 North Korea
80%
5000 Marshall Islands
75%
26,000 Federated states of Micronesia
73%
4700 Kiribati
73%
45,000 Tonga
70%
500 Somalia
69%
37,000 Bhutan
67%
23,000 Solomon Islands
67%
71,000 Chad
61%
8000 Sao Tome & Pincipe
61%
53,000 Djibouti
56%
17,500 Afghanistan
55%
54,000 Central African Republic
53%
15,000 Comoros
52%
40,000 East Timor
52%
6000 Equatorial Guinea
52%
34,000 Libya
50%
29,000 Mauritania
50%
30,000 Guinea Bissau
45%
7000 Turkmenistan
45%
52,000 Sierra Leone
42%
73,000 Dominica
31%
53,000 Liechtenstein
5%
No matching quizzes found
Score Distribution
Percent of People with Each Score
Percentile by Number Answered
Your Score History
You have not taken this quiz